[Event "OPEN D'AUBAGNE"]
[Site "SALLE LAKANAL AUBAGNE"]
[Date "2019.09.02"]
[Round "6.25"]
[White "Labriaud, Gilles"]
[Black "Burnel, Marie-France"]
[Result "1-0"]
[WhiteElo "1260"]
[BlackElo "1093"]
[PlyCount "59"]
[EventDate "2019.??.??"]
[WhiteTeam "La Ciotat Echecs (LCE)"]
[BlackTeam "Cercle d'Echecs Aubagnais"]

1. e4 e5 2. c4 Nf6 3. Nc3 Bc5 4. Be2 Nc6 5. Nf3 O-O 6. O-O d6 7. d3 Bg4 8. h3
Bh5 9. Nh2 Bxe2 10. Qxe2 Nd4 11. Qd1 a6 12. Ne2 Nxe2+ 13. Qxe2 h6 14. Be3 b6
15. Bxc5 bxc5 16. f4 c6 17. fxe5 dxe5 18. Qe3 Qd4 19. Qxd4 cxd4 20. Rf5 Rfe8
21. Raf1 Re6 22. g4 Rf8 23. Nf3 g6 24. Rxf6 Rxf6 25. Nxe5 c5 26. Rxf6 Kg7 27.
Rxa6 g5 28. Rc6 f6 29. Nf3 Kg6 30. Rxc5 1-0

[Event "OPEN D'AUBAGNE"]
[Site "SALLE LAKANAL AUBAGNE"]
[Date "2019.09.02"]
[Round "6.26"]
[White "Autouard, Jean-Luc"]
[Black "Lognos, Lina"]
[Result "1-0"]
[WhiteElo "1239"]
[BlackElo "1038"]
[PlyCount "105"]
[EventDate "2019.??.??"]
[WhiteTeam "Cercle d'Echecs Aubagnais"]
[BlackTeam "Cercle d'Echecs Aubagnais"]

1. e4 c5 2. Nc3 d6 3. f4 Nc6 4. Nf3 Nf6 5. Bc4 e6 6. O-O Be7 7. Qe1 O-O 8. e5
Ng4 9. h3 d5 10. Bb5 Nh6 11. d3 Nf5 12. Bxc6 bxc6 13. g3 Nd4 14. Nxd4 cxd4 15.
Ne2 c5 16. Kh2 Qb6 17. Ng1 c4 18. Nf3 Ba6 19. Qe2 cxd3 20. cxd3 Bc5 21. a4 Bb4
22. Nh4 Be7 23. f5 Bxh4 24. gxh4 exf5 25. Rxf5 Qc7 26. Qf3 Qc2+ 27. Kg3 Qxd3
28. Ra3 Qxf3+ 29. Raxf3 Bc8 30. R5f4 Re8 31. Rxf7 Be6 32. R7f4 Rf8 33. Rd3 Rxf4
34. Bxf4 Rb8 35. b3 Rb4 36. Bd2 Bf5 37. Rf3 Be4 38. Bxb4 Bxf3 39. Kxf3 d3 40.
Ke3 Kf7 41. Kxd3 Ke6 42. Kd4 a6 43. Bc5 h5 44. b4 g6 45. b5 axb5 46. axb5 Kf5
47. b6 g5 48. hxg5 Kxg5 49. b7 Kh4 50. b8=Q Kxh3 51. Kxd5 h4 52. e6 Kg2 53.
Qb2+ 1-0

[Event "OPEN D'AUBAGNE"]
[Site "SALLE LAKANAL AUBAGNE"]
[Date "2019.09.02"]
[Round "6.27"]
[White "De Laurentis, Pierre"]
[Black "Friche, Timeo"]
[Result "0-1"]
[WhiteElo "1207"]
[BlackElo "1009"]
[PlyCount "80"]
[EventDate "2019.??.??"]
[WhiteTeam "Cassis Echecs"]
[BlackTeam "La Ciotat Echecs (LCE)"]

1. d4 Nf6 2. Nf3 d6 3. g3 g6 4. Bg2 Bg7 5. Nc3 O-O 6. O-O Nc6 7. Re1 e5 8. e3
Ne7 9. e4 c6 10. dxe5 dxe5 11. Nxe5 Qxd1 12. Rxd1 Nxe4 13. f4 Nxc3 14. bxc3 Bf5
15. Rd2 Rfd8 16. Nc4 Bxc3 17. Rb1 Bxd2 18. Bxd2 b5 19. Bb4 bxc4 20. Bxe7 Rd2
21. Bxc6 Bxc2 22. Rf1 Rc8 23. Bg2 c3 24. Ba3 Bd3 25. Re1 Rxa2 26. Bh3 Rc6 27.
Bc1 c2 28. Bg2 Re6 29. Kf2 Rc6 30. Bxc6 a5 31. Re8+ Kg7 32. Ke3 Bf5 33. Bd5 Rb2
34. Rd8 Rb1 35. Kd2 Kf6 36. Rh8 h5 37. Rf8 Ke7 38. Ba2 Kd7 39. Rxf7+ Ke8 40.
Ra7 Kf8 0-1

[Event "OPEN D'AUBAGNE"]
[Site "SALLE LAKANAL AUBAGNE"]
[Date "2019.09.02"]
[Round "6.28"]
[White "Pegon, Claude"]
[Black "Ananyan, Daniel"]
[Result "1-0"]
[WhiteElo "1059"]
[BlackElo "1199"]
[PlyCount "130"]
[EventDate "2019.??.??"]
[WhiteTeam "Cassis Echecs"]
[BlackTeam "Cercle d'Echecs Aubagnais"]

1. c4 d5 2. cxd5 Nf6 3. Nc3 Nxd5 4. g3 Bf5 5. e4 Nxc3 6. bxc3 Bxe4 7. Qa4+ Bc6
8. Bb5 Qd5 9. Bxc6+ Nxc6 10. f3 e5 11. Qe4 O-O-O 12. Qxd5 Rxd5 13. Ne2 Bd6 14.
O-O Re8 15. Rb1 e4 16. f4 Bc5+ 17. Kg2 a6 18. c4 Rd6 19. Rb3 Bb4 20. Rd1 e3 21.
d3 a5 22. a3 Nd4 23. Nxd4 Rxd4 24. axb4 e2 25. Re1 a4 26. Ra3 b5 27. Bd2 Red8
28. Rxe2 Rxd3 29. Rxd3 Rxd3 30. cxb5 Rb3 31. Kf2 a3 32. Re1 a2 33. Ra1 Rb2 34.
Ke3 Kb7 35. Bc3 Rc2 36. Kd3 Rxh2 37. Bxg7 Kb6 38. Kc4 Rc2+ 39. Kb3 Rg2 40. Bd4+
Kxb5 41. Be5 Rxg3+ 42. Bc3 Rg2 43. Rxa2 Rxa2 44. Kxa2 f5 45. Kb3 Kc6 46. Bg7 h5
47. Bf6 Kd6 48. Be5+ Ke6 49. Bxc7 h4 50. Bb6 Kd5 51. Bg1 Ke4 52. b5 Kf3 53. b6
Kg2 54. Be3 h3 55. b7 h2 56. b8=Q h1=Q 57. Qb7+ Kh2 58. Qxh1+ Kxh1 59. Kc3 Kg2
60. Kd3 Kf3 61. Kd4 Kg4 62. Ke5 Kf3 63. Kxf5 Kxe3 64. Kg5 Ke4 65. f5 Ke5 1-0

[Event "OPEN D'AUBAGNE"]
[Site "SALLE LAKANAL AUBAGNE"]
[Date "2019.09.02"]
[Round "6.29"]
[White "Lopez, Marcel"]
[Black "Madi, Walid"]
[Result "0-1"]
[WhiteElo "1199"]
[BlackElo "1006"]
[PlyCount "54"]
[EventDate "2019.??.??"]
[WhiteTeam "Cassis Echecs"]
[BlackTeam "Cercle d'Echecs Aubagnais"]

1. c4 c5 2. Nc3 d6 3. b3 Nc6 4. Nf3 Nf6 5. Bb2 Nd4 6. e3 Nxf3+ 7. Qxf3 e5 8. h3
Be7 9. g3 Be6 10. Qxb7 d5 11. cxd5 Nxd5 12. Qb5+ Bd7 13. Qe2 Bc6 14. Rg1 Bf6
15. Bg2 O-O 16. Ba3 e4 17. Bxc5 Nxc3 18. Qc4 Nd5 19. Rc1 Re8 20. Bd4 Rc8 21.
Ke2 Qd6 22. Bxf6 Bb5 23. Kd1 Bxc4 24. bxc4 Nxf6 25. Ke2 Qd3+ 26. Kd1 Red8 27.
Rc3 Qxd2# 0-1

[Event "OPEN D'AUBAGNE"]
[Site "SALLE LAKANAL AUBAGNE"]
[Date "2019.09.02"]
[Round "6.30"]
[White "Catanese, Sauveur"]
[Black "Manus, Renaud"]
[Result "1/2-1/2"]
[WhiteElo "1037"]
[BlackElo "1199"]
[PlyCount "66"]
[EventDate "2019.??.??"]
[WhiteTeam "Cercle d'Echecs Aubagnais"]
[BlackTeam "Club Provence Echecs"]

1. d4 b6 2. c4 Bb7 3. Nf3 d6 4. Nc3 e6 5. e4 Ne7 6. g3 h6 7. Bg2 a6 8. a4 Nd7
9. O-O g6 10. Re1 Bg7 11. Be3 O-O 12. Qc1 Kh7 13. b3 Rb8 14. Bd2 c5 15. Be3 Nc6
16. Rd1 cxd4 17. Nxd4 e5 18. Nxc6 Bxc6 19. Rxd6 Qc7 20. Rd1 Nf6 21. Bf3 Qc8 22.
Qc2 Ng4 23. Qe2 Nxe3 24. Qxe3 Qe6 25. Qe2 h5 26. Kh1 Bh6 27. Rg1 Qe7 28. Bg2
Bd7 29. Nd5 Qe6 30. Nc7 Qe7 31. Nd5 Qe6 32. Nc7 Qe7 33. Nd5 Qe6 1/2-1/2

[Event "OPEN D'AUBAGNE"]
[Site "SALLE LAKANAL AUBAGNE"]
[Date "2019.09.02"]
[Round "6.31"]
[White "Boudet, Nicole"]
[Black "Biglia, Michel"]
[Result "1-0"]
[WhiteElo "1048"]
[BlackElo "1152"]
[PlyCount "67"]
[EventDate "2019.??.??"]
[WhiteTeam "Cercle d'Echecs Aubagnais"]
[BlackTeam "Cercle d'Echecs Aubagnais"]

1. e4 e5 2. Nf3 Nc6 3. d4 Bb4+ 4. c3 Bd6 5. Bc4 Nf6 6. Bg5 a6 7. b4 b5 8. Bd5
Bb7 9. dxe5 Bxe5 10. Nxe5 Nxe5 11. Bxb7 Rb8 12. Bd5 h6 13. Bf4 Qe7 14. Bxe5
Qxe5 15. O-O O-O 16. f4 Qe7 17. e5 Nh7 18. Qd3 Rbd8 19. Nd2 c6 20. Be4 g6 21.
f5 Ng5 22. fxg6 Nxe4 23. gxf7+ Rxf7 24. Rxf7 Qxf7 25. Qxe4 Kh8 26. Nf3 Re8 27.
a3 d5 28. Qd4 Qg6 29. e6+ Kh7 30. Qa7+ Kh8 31. Qf7 Rg8 32. Qxg6 Rxg6 33. e7 Re6
34. Re1 1-0

[Event "OPEN D'AUBAGNE"]
[Site "SALLE LAKANAL AUBAGNE"]
[Date "2019.09.02"]
[Round "6.32"]
[White "Gary, Yvon"]
[Black "Hours, Evelyne"]
[Result "0-1"]
[WhiteElo "1199"]
[BlackElo "1058"]
[PlyCount "74"]
[EventDate "2019.??.??"]
[WhiteTeam "Club Provence Echecs"]
[BlackTeam "Cercle d'Echecs Aubagnais"]

1. e4 e5 2. Nf3 d6 3. Bc4 Be7 4. d4 exd4 5. Nxd4 Nf6 6. Nc3 O-O 7. h3 Nbd7 8.
Bf4 Nb6 9. Bd3 a6 10. Qd2 c5 11. Nf5 Bxf5 12. exf5 Qd7 13. h4 c4 14. Be4 Nxe4
15. Nxe4 d5 16. Ng3 Bc5 17. h5 Rfe8+ 18. Kd1 h6 19. Bxh6 f6 20. Bxg7 Qxg7 21.
h6 Qg4+ 22. Kc1 Kf7 23. h7 Bd6 24. Qc3 Bxg3 25. fxg3 Qg5+ 26. Kb1 Qxf5 27. a3
Na4 28. Qf3 Qxf3 29. gxf3 Rh8 30. Ka2 Kg7 31. Rae1 Kg6 32. Re7 b5 33. g4 d4 34.
Re6 Nc5 35. Rd6 d3 36. Rh5 dxc2 37. Rh1 Nd3 0-1

[Event "OPEN D'AUBAGNE"]
[Site "SALLE LAKANAL AUBAGNE"]
[Date "2019.09.02"]
[Round "6.36"]
[White "Rouviere, Lucas"]
[Black "Friche, Allan"]
[Result "0-1"]
[WhiteElo "1099"]
[BlackElo "1009"]
[PlyCount "56"]
[EventDate "2019.??.??"]
[WhiteTeam "La Ciotat Echecs (LCE)"]
[BlackTeam "La Ciotat Echecs (LCE)"]

1. e4 e5 2. Nf3 Nc6 3. Bc4 Nf6 4. Nc3 Be7 5. O-O O-O 6. d3 d6 7. Bg5 Bg4 8.
Bxf6 Bxf6 9. h3 Bxf3 10. Qxf3 Nd4 11. Qd1 c6 12. a3 b5 13. Ba2 a5 14. Ne2 Nxe2+
15. Qxe2 b4 16. Rab1 bxa3 17. bxa3 Rb8 18. Rxb8 Qxb8 19. Rb1 Qa7 20. c4 Rb8 21.
Rxb8+ Qxb8 22. Qh5 Qb2 23. g4 Qa1+ 24. Kh2 Qxa2 25. Kg3 Qxa3 26. f3 Qc1 27. h4
g5 28. hxg5 Bxg5 0-1

[Event "OPEN D'AUBAGNE"]
[Site "SALLE LAKANAL AUBAGNE"]
[Date "2019.09.02"]
[Round "6.37"]
[White "Balaguer, Thomas"]
[Black "Shelar, Manasvi"]
[Result "0-1"]
[WhiteElo "1009"]
[BlackElo "1099"]
[PlyCount "122"]
[EventDate "2019.??.??"]
[WhiteTeam "Cercle d'Echecs Aubagnais"]
[BlackTeam "L'Echiquier du Roy René"]

1. e4 e5 2. Nf3 Nc6 3. Bb5 Nf6 4. Nc3 Bb4 5. Bxc6 bxc6 6. Nxe5 Qe7 7. Nd3 Rb8
8. Nxb4 Qxb4 9. a3 Qe7 10. O-O d6 11. Qe2 Bg4 12. Qa6 O-O 13. Qxa7 Nxe4 14.
Nxe4 Qxe4 15. Qxc7 Rbd8 16. d3 Qf5 17. Be3 Rfe8 18. h3 Bh5 19. g4 Qd5 20. gxh5
Qxh5 21. Qxc6 Qxh3 22. Bb6 Rc8 23. Qxd6 Re6 24. Qd5 Rxb6 25. Rfe1 Rxb2 26. Qe4
h6 27. Qe3 Qg4+ 28. Qg3 Qh5 29. Qe5 Qg6+ 30. Kf1 Rbxc2 31. Rac1 Qxd3+ 32. Kg2
Rxc1 33. Rxc1 Rxc1 34. Qb8+ Kh7 35. a4 Ra1 36. Qa8 Qc4 37. a5 Qc5 38. a6 Qb6
39. Qe4+ g6 40. Qe5 Rxa6 41. f4 Qb3 42. Qe7 Ra2+ 43. Kf1 Qb1+ 44. Qe1 Ra1 45.
Qxb1 Rxb1+ 46. Kf2 Rb4 47. Kf3 f5 48. Kg3 g5 49. fxg5 hxg5 50. Kf3 Kh6 51. Ke3
Rb1 52. Kd4 Re1 53. Kd5 g4 54. Kd4 g3 55. Kd3 g2 56. Kd2 Re8 57. Kd3 g1=Q 58.
Kc4 Rd8 59. Kc3 Qc1+ 60. Kb4 Rb8+ 61. Ka4 Qa1# 0-1

[Event "OPEN D'AUBAGNE"]
[Site "SALLE LAKANAL AUBAGNE"]
[Date "2019.09.02"]
[Round "6.38"]
[White "Salvi, Angele"]
[Black "Nakle-Fambon, Gabriel"]
[Result "1-0"]
[WhiteElo "1072"]
[BlackElo "1009"]
[PlyCount "73"]
[EventDate "2019.??.??"]
[WhiteTeam "La Ciotat Echecs (LCE)"]
[BlackTeam "La Ciotat Echecs (LCE)"]

1. c4 g6 2. Nc3 Bg7 3. g3 Nf6 4. Bg2 O-O 5. Nf3 Nc6 6. a3 e5 7. Ng5 b6 8. d3 h6
9. Nge4 Bb7 10. b4 Nb8 11. O-O c6 12. Bd2 d5 13. Nxf6+ Bxf6 14. Bxh6 Bg7 15.
Bxg7 Kxg7 16. f4 d4 17. Ne4 c5 18. bxc5 f5 19. Nd6 Bxg2 20. Kxg2 a6 21. fxe5
bxc5 22. Nb7 Qc7 23. Rb1 Qc6+ 24. Kg1 Ra7 25. Na5 Qc7 26. Qd2 Nc6 27. Nb3 Rb7
28. Nxc5 Rxb1 29. Ne6+ Kf7 30. Nxc7 Rxf1+ 31. Kxf1 Nxe5 32. Qa5 Nc6 33. Qd5+
Kg7 34. Ne6+ Kh6 35. Nxf8 Ne7 36. Qf7 Nc6 37. Qxg6# 1-0

[Event "OPEN D'AUBAGNE"]
[Site "SALLE LAKANAL AUBAGNE"]
[Date "2019.09.02"]
[Round "6.39"]
[White "Periale, Francine"]
[Black "Garbe, Georges"]
[Result "0-1"]
[WhiteElo "1007"]
[BlackElo "1188"]
[PlyCount "46"]
[EventDate "2019.??.??"]
[WhiteTeam "Cercle d'Echecs Aubagnais"]
[BlackTeam "Cercle d'Echecs Aubagnais"]

1. d4 d5 2. Nf3 Nc6 3. Bf4 e6 4. c3 Nf6 5. Nbd2 Bd6 6. Bxd6 Qxd6 7. e3 O-O 8.
Bd3 e5 9. O-O e4 10. Bc2 exf3 11. Nxf3 Bd7 12. h3 Rae8 13. Re1 Re7 14. Qd2 Rfe8
15. Re2 Ne4 16. Qd3 Qg6 17. Nh4 Qg5 18. Nf3 Qg6 19. Bb3 Bxh3 20. Nh4 Qg5 21.
Bxd5 Qxh4 22. Bxe4 Qxe4 23. Rd1 Qxg2# 0-1

[Event "OPEN D'AUBAGNE"]
[Site "SALLE LAKANAL AUBAGNE"]
[Date "2019.09.02"]
[Round "6.41"]
[White "Renahy, Corentin"]
[Black "Belaid, Myriam"]
[Result "1/2-1/2"]
[WhiteElo "1099"]
[BlackElo "1199"]
[PlyCount "85"]
[EventDate "2019.??.??"]
[WhiteTeam "La Ciotat Echecs (LCE)"]
[BlackTeam "Club Provence Echecs"]

1. e4 Nf6 2. Nc3 d6 3. d4 c6 4. Nf3 Nbd7 5. Bc4 Qa5 6. Bd2 b5 7. Bb3 b4 8. Ng5
e6 9. Ne2 h6 10. Nh3 Nxe4 11. f3 Nxd2 12. Qxd2 Rb8 13. a3 c5 14. O-O e5 15.
axb4 Qb6 16. bxc5 dxc5 17. dxe5 c4+ 18. Nf2 cxb3 19. cxb3 Qxb3 20. Rxa7 Bb4 21.
Qd4 Bc5 22. Qg4 Bxa7 23. Qxg7 Bxf2+ 24. Kxf2 Qb6+ 25. Ke1 Rf8 26. f4 Qxb2 27.
Qxh6 Ba6 28. Qh5 Qb4+ 29. Kf2 Nc5 30. e6 Nd3+ 31. Kg1 Qb6+ 32. Kh1 Nf2+ 33.
Rxf2 Qxf2 34. exf7+ Rxf7 35. Qe5+ Re7 36. Qxb8+ Kd7 37. Qb4 Qf1+ 38. Ng1 Re2
39. Qd4+ Ke6 40. Qb6+ Kf5 41. Qc5+ Kg6 42. Qg5+ Kf7 43. Qh5+ 1/2-1/2